002430000a2200109000450000500170000010000120001724500280002926000360005730000210009304000080011436500110012220120302065407.0 a abc a 2500 Years of Buddhism aNew Delhi: Govt. of India, 1956 axxiv; 439p..-ill aEng b8.70/-